000 012467d19a2200349 4500
003 CHAP
005 20220329142228.0
008 000307d1997 mx r 00010 spa d
010 _a80201
011 _a81173
035 _a91635
040 _cCHAP
090 _aFolleto 15492
100 0 0 _aOrnelas, Carlos.
_983615
245 3 _aLa descentralización de la educación en méxico :
_bun estudio preliminar
_c/por Carlos Ornelas
260 _aMéxico, D. F. :
_bCentro de Investigación y Docencia Económicas. División de Estudios Políticos
_c1997.
300 _a40 h. :
410 _aCIDE. División de Estudios Políticos
490 0 _aDocumento de trabajo
_v; 35
590 _aBATCH-UPD
_b10
_c20130110
_lUCH01
_h0719
590 _aBATCH-UPD
_b10
_c20130410
_lUCH01
_h0404
590 _aBATCH-UPD
_b10
_c20130914
_lUCH01
_h0932
590 _aCONVERSION
_b10
_c20130109
_lUCH01
_h1345
650 1 4 _aEducación
_xMéxico.
_935466
650 1 4 _aPolítica educativa
_zMéxico.
_990561
810 0 0 _aCIDE. División de Estudios Políticos
_923096
830 0 _aDocumento de trabajo
_v; 35
_933227
901 _aMU
905 _aBlanca M. García O.
942 _cFOLL
949 _aFolleto 15492
_bBC
_cFOLL
_d916351
_eTS1
_gI. C/E
_i91635
_sb
_t$16.00
999 _c80201
_d80201